<?xml version="1.0" encoding="UTF-8"?>
<record
    xmlns:xsi="http://www.w3.org/2001/XMLSchema-instance"
    xsi:schemaLocation="http://www.loc.gov/MARC21/slim http://www.loc.gov/standards/marcxml/schema/MARC21slim.xsd"
    xmlns="http://www.loc.gov/MARC21/slim">

  <leader>01737nam a22002417a 4500</leader>
  <controlfield tag="005">20260323145319.0</controlfield>
  <controlfield tag="008">260323b        |||||||| |||| 00| 0 eng d</controlfield>
  <datafield tag="020" ind1=" " ind2=" ">
    <subfield code="a">9789385915420</subfield>
  </datafield>
  <datafield tag="040" ind1=" " ind2=" ">
    <subfield code="c">AL</subfield>
  </datafield>
  <datafield tag="041" ind1=" " ind2=" ">
    <subfield code="a">eng</subfield>
  </datafield>
  <datafield tag="082" ind1=" " ind2=" ">
    <subfield code="a">515.35</subfield>
    <subfield code="b">KUMD</subfield>
  </datafield>
  <datafield tag="100" ind1=" " ind2=" ">
    <subfield code="a">Rakesh Kumar</subfield>
    <subfield code="9">259045</subfield>
  </datafield>
  <datafield tag="245" ind1=" " ind2=" ">
    <subfield code="a">Differential equations and integral transforms</subfield>
  </datafield>
  <datafield tag="260" ind1=" " ind2=" ">
    <subfield code="a">New Delhi</subfield>
    <subfield code="b">CBC Publishers and Distributors Pvt Ltd</subfield>
    <subfield code="c">2016</subfield>
  </datafield>
  <datafield tag="300" ind1=" " ind2=" ">
    <subfield code="a">xii,548p</subfield>
    <subfield code="b">PB</subfield>
    <subfield code="c">23x15cm</subfield>
  </datafield>
  <datafield tag="365" ind1=" " ind2=" ">
    <subfield code="2">Information Science and Engineering</subfield>
    <subfield code="a">VBI-2645</subfield>
    <subfield code="b">&#x20B9;318.75</subfield>
    <subfield code="c">&#x20B9;</subfield>
    <subfield code="d">&#x20B9;425.00</subfield>
    <subfield code="e">25%</subfield>
    <subfield code="f">20-02-2026</subfield>
  </datafield>
  <datafield tag="520" ind1=" " ind2=" ">
    <subfield code="a">The book focuses on differential equations and integral transforms which form an essential part of mathematics for undergraduate science and engineering students. Differential equations arise in the modeling of various physical problems in applied mathematics, physics and engineering. An integral transform is an important tool to solve the initial and boundary value problems. The entire content is covered in 12 chapters. The chapters devoted to differential equations deal with the study of the solutions of differential equations and partial differential equations by various methods such as series solutions, Laplace transform method, Charpit&#x2019;s method, Monge&#x2019;s methods, etc. The chapters focussing on integral transforms cover Laplace transform and its applications, Fourier series, Fourier tranforms and their applications. The book has been designed according to the UGC unified syllabus to meet the requirements of undergraduate students studying at all Indian universities. </subfield>
  </datafield>
  <datafield tag="650" ind1=" " ind2=" ">
    <subfield code="a">Variable Coefficients</subfield>
    <subfield code="9">259046</subfield>
  </datafield>
  <datafield tag="650" ind1=" " ind2=" ">
    <subfield code="a">ODEs</subfield>
    <subfield code="9">259047</subfield>
  </datafield>
  <datafield tag="650" ind1=" " ind2=" ">
    <subfield code="a">Fourier Series</subfield>
    <subfield code="9">259048</subfield>
  </datafield>
  <datafield tag="700" ind1=" " ind2=" ">
    <subfield code="a">Kumar, Nagendra</subfield>
    <subfield code="9">259049</subfield>
  </datafield>
  <datafield tag="942" ind1=" " ind2=" ">
    <subfield code="2">ddc</subfield>
    <subfield code="c">BK</subfield>
  </datafield>
  <datafield tag="999" ind1=" " ind2=" ">
    <subfield code="c">241040</subfield>
    <subfield code="d">241040</subfield>
  </datafield>
  <datafield tag="952" ind1=" " ind2=" ">
    <subfield code="0">0</subfield>
    <subfield code="1">0</subfield>
    <subfield code="2">ddc</subfield>
    <subfield code="4">0</subfield>
    <subfield code="7">0</subfield>
    <subfield code="8">ISE</subfield>
    <subfield code="a">SE</subfield>
    <subfield code="b">SE</subfield>
    <subfield code="d">2026-02-20</subfield>
    <subfield code="e">Vidyathri Books, Bengaluru-560076</subfield>
    <subfield code="g">318.75</subfield>
    <subfield code="l">0</subfield>
    <subfield code="o">515.35 KUMD</subfield>
    <subfield code="p">SE000349</subfield>
    <subfield code="r">2026-03-23 14:55:59</subfield>
    <subfield code="v">425.00</subfield>
    <subfield code="w">2026-02-20</subfield>
    <subfield code="y">BK</subfield>
  </datafield>
</record>
